|
|
|
|
| LEADER |
00974nam a22002537a 4500 |
| 001 |
33422 |
| 003 |
BD-DhAAL |
| 005 |
20180718111255.0 |
| 008 |
180718t2001 nyua|||| |||| 001 0 eng d |
| 999 |
|
|
|c 39825
|d 39825
|
| 040 |
|
|
|a BD-DhAAL
|
| 082 |
|
|
|a 364.973
|
| 245 |
|
|
|a The New Yorker court TV :
|b crime and justice cartoon book /
|c edited and with an introduction by Robert Mankoff
|
| 260 |
|
|
|a New York :
|b Cartoon Bank Press,
|c c2001
|
| 300 |
|
|
|a 86 pages :
|b illustrations ;
|c 23 cm
|
| 500 |
|
|
|a Includes index.
|
| 526 |
|
|
|a ARC
|
| 541 |
|
|
|e 33422
|
| 650 |
|
|
|a Criminal justice, Administration of
|z United States
|9 27499
|
| 650 |
|
|
|a Crime
|z United States
|9 27500
|
| 700 |
|
|
|a Mankoff, Robert
|9 27501
|
| 852 |
|
|
|a Department of Architecture
|c General Stacks
|
| 942 |
|
|
|2 ddc
|c BK
|
| 952 |
|
|
|0 0
|1 0
|2 ddc
|4 0
|6 364_973000000000000_NEW
|7 0
|9 63860
|a BRACUL
|b BRACUL
|c GEN
|d 2018-07-18
|l 0
|o 364.973 NEW
|p 3010033422
|r 2018-07-18
|t 1
|w 2018-07-18
|y BK
|x Transferred from ARC to BRACUL on 28/12/2023
|